Les 20 plus grandes villes de la Guyane sur une carte - Statistiques

Statistiques générales
  • Ce quiz a été pris 50 fois
  • Le résultat moyen est 11 sur 20
Réponses sur la Carte
Les réponses sont colorées sur une échelle allant du rouge au vert en fonction du pourcentage des utilisateurs qui les ont devinées à leur premier essai. Vous pouvez retrouver ces pourcentages ci-dessous.
 
Statistiques - réponses
Population Initiale Ville % Correct
63 956 C Cayenne
100%
51 732 S Saint-Laurent-du-Maroni
92%
24 470 K Kourou
87%
8 423 M Maripasoula
79%
27 037 R Remire-Montjoly
79%
35 551 M Matoury
67%
4 710 S Saint-Georges
62%
297 S Saül
54%
18 807 M Macouria
51%
3 382 R Roura
49%
11 364 M Mana
44%
1 657 R Régina
41%
1 549 A Awala-Yalimapo
38%
9 390 G Grand-Santi
38%
1 685 I Iracoubo
38%
5 530 P Papaichton
38%
2 801 S Sinnamary
38%
10 059 A Apatou
36%
2 168 C Camopi
33%
3 457 M Montsinéry-Tonnegrande
33%
Aucun quiz correspondant
Distribution des résultats
% des personnes avec chaque résultat
Percentile par nombre de réponses
Votre historique - résultats
Vous n’avez pas pris ce quiz